Green Day Songs - Sudden Death - Statistics

General Stats
  • This quiz has been taken 248 times
  • The average score is 7 of 10
Answers on the Grid
Answers color-coded by a green-red scale on the quiz's grid according to % correct below.
American Idiot
American Summer Collapse
Backyard Revolution Blues
Basket Case
Boulevard of Broken Dreams
Broken Radios at Midnight
Burn the Calendar Down
Burned Out Youth Division
Burnout
Church on Sunday
Concrete Dreams Go Nowhere
Dead End City Lights
East Jesus Nowhere
Halfway to Nowhere Fast
Having a Blast
Headlines & Hand Grenades
Holiday
Last Call at the Skatepark
Letters from the Breakdown
Midnight on the Sidewalk
No Future After Friday
Nothing Left but Noise
Riot in the Suburbs
Sleeping Through the Sirens
Static Youth Parade
Streets Don’t Sleep Tonight
Suburban Static Hearts
Teenage Fallout Anthem
Wake Me Up When September Ends
When I Come Around
 
Answer Stats
Answer % Correct
American Idiot
99%
Boulevard of Broken Dreams
96%
Basket Case
94%
Holiday
85%
Wake Me Up When September Ends
82%
When I Come Around
81%
Burnout
67%
Having a Blast
49%
Church on Sunday
48%
East Jesus Nowhere
43%
No matching quizzes found
Score Distribution
Percent of People with Each Score
Percentile by Number Answered
Your Score History
You have not taken this quiz